Children Picture Books by Images - Australian (Maight) Edition - Statistics

General Stats
  • This quiz has been taken 9 times
  • The average score is 7 of 12
Answer Stats
Picture Answer % Correct
We're Going on a Bear Hunt
88%
Hairy MacLary
75%
Possum Magic
75%
The Wonky Donkey
75%
Grug
63%
Where is The Green Sheep?
63%
Mr. McGee
50%
The Very Cranky Bear
50%
Time For Bed
50%
Boo To A Goose
38%
Diary Of A Wombat
38%
Piglet and Mama
38%
No matching quizzes found
Score Distribution
Percent of People with Each Score
Percentile by Number Answered
Your Score History
You have not taken this quiz